• 首页
  • 本馆介绍
  • 公告通知
  • 最新文献
  • 馆藏检索
  • 电子资源
  • 读者导购
  • 参考咨询
  • 我的图书馆
  • 登录
  • 详细信息显示
  • 放入我的书架
  • 预约/预借图书
  • 作者相关作品
  • 分类相关作品
  • 丛书相关作品
  • 出版社相关作品

书目信息

  • 表格格式
  • 工作单格式
  • 卡片格式
题名:
古今园林人物
    
 
作者: 景长顺 编著
分册:  
出版信息: 北京   团结出版社  2015
页数: 234页
开本: 24cm
丛书名:
单 册:
中图分类: K826.16
科图分类:
主题词: 园林艺术--建筑师--生平事迹--中国
电子资源:
ISBN: 978-7-5126-1853-4
000 00864nam0 2200229 450
001 012001005249
005 20141008110801.0
010    @a978-7-5126-1853-4@dCNY110.00
100    @a20160304d2015 em y0chiy50 ea
101 0  @achi
102    @aCN@b110000
105    @aa z 001yy
106    @ar
200 1  @a古今园林人物@9gu jin yuan lin ren wu@b专著@f景长顺等编著
210    @a北京@c团结出版社@d2015
215    @a234页@c图@d24cm
330    @a本书以“境界”立论,以“名”论英雄,遵循名人、名园、名文、名画的“四名”原则,按照名人写镜、造景、赏境、画境四部分为篇目,将名人、名园、名文、名画资源整合起来,把乾隆、宋徽宗以及李白、杜甫、白居易、王维等一批名人大家列入其中。
606 0  @a园林艺术@x建筑师@x生平事迹@y中国
690    @aK826.16@v5
701  0 @a景长顺@9jing chang shun@4编著
801  0 @aCN@b上海新华@c20180901
905    @b1173304-7@dK826.16@e102@f4
    
    古今园林人物/景长顺等编著.-北京:团结出版社,2015
    234页:图;24cm
    
    
    ISBN 978-7-5126-1853-4:CNY110.00
    本书以“境界”立论,以“名”论英雄,遵循名人、名园、名文、名画的“四名”原则,按照名人写镜、造景、赏境、画境四部分为篇目,将名人、名园、名文、名画资源整合起来,把乾隆、宋徽宗以及李白、杜甫、白居易、王维等一批名人大家列入其中。
●
相关链接 在E读中查询图书 在五车中查询图书 在当当中查询图书 在豆瓣中查询图书


正题名:古今园林人物     索取号:K826.16/102         预约/预借

序号 登录号 条形码 馆藏地/架位号 状态 备注
1 1173304   211733043   第二样本阅览室/ [索取号:K826.16/102] 在馆    
2 1173305   211733052   第二借阅区/ [索取号:K826.16/102] 在馆    
3 1173306   211733061   第二借阅区/ [索取号:K826.16/102] 在馆    
4 1173307   211733070   密集书库-史法系/ [索取号:K826.16/102] 在馆    
唐山师范学院图书馆 欢迎您!
大连网信软件有限公司© 版权所有